'M' 'H' People Quiz Stats

 Plays Quiz Updated Jan 16, 2017

Also try: A Bunch of BS
Challenge
Share
Tweet
Embed
Score 0/24 Timer 08:00
1 Play Today
Hint Answer % Correct
This actor is best known for playing Luke Skywalker in the 'Star Wars' films.Mark Hamill
85.1%
This US Women's soccer star, who retired in 2004, is married to Nomar Garciaparra.Mia Hamm
71.9%
This country music legend who passed away in 2016 was known for songs like 'Okie from Muskogee.'Merle Haggard
71.2%
This stage name belonged to an exotic dancer who was executed by the French for being a German spy in WWI.Mata Hari
66.5%
This host of 'Let's Make a Deal' also has a math problem named after him.Monty Hall
58.4%
This detective was created by Mickey Spillane, memorably portrayed by Stacy Keach in a TV show of the same name.Mike Hammer
47%
This animal character from 'Alice in Wonderland' and 'Through the Looking-Glass' is also called Haigha.March Hare
44%
This daughter of Jayne Mansfield and a Mr. Universe is the Emmy-winning star of 'Law & Order: SVU.'Mariska Hargitay
43.5%
This 'Marvelous' boxer was the middleweight champion for much of the 1980s.Marvin Hagler
41.3%
This actor and granddaughter of the author of 'The Old Man and the Sea' earned an Oscar nomination for 'Manhattan.'Mariel Hemingway
41.1%
This Czech-born Swiss tennis player, named after another tennis player, now focuses on women's doubles.Martina Hingis
35.4%
This former Seattle quarterback now works as an analyst for ESPN.Matt Hasselbeck
34.2%
Hint Answer % Correct
This American known as the 'Chocolate King' founded an eponymous company in a town that shares his name.Milton Hershey
33.7%
This actor starred in commercials for Maxwell House, but is best known for playing the Wicked Witch of the West.Margaret Hamilton
33.3%
This AI digital character was voiced by actor Matt Frewer on television.Max Headroom
32.4%
This was the full stage name of the Stooge who had a bowl cut.Moe Howard
29.9%
This Aussie lead singer of INXS died in an apparent suicide in 1997.Michael Hutchence
28.1%
This actor had leading roles on both 'Taxi' as Elaine Nardo and 'Evening Shade' as Ava Newton.Marilu Henner
27.7%
This actor starred as Catherine Willows on the original 'CSI' for 13 years, earning herself an Emmy.Marg Helgenberger
21.3%
This late stand-up comic is known for his punny one-liners like 'I'm against picketing, but I don't know how to show it.'Mitch Hedberg
18.9%
This actor and brother of 'Buffy the Vampire Slayer's Giles topped the Billboard charts with 'One Night in Bangkok.'Murray Head
18.3%
This playwright penned 'You Can't Take it with You' with George S. Kaufman.Moss Hart
12.4%
This German philosopher's most famous book was 'Being and Time.'Martin Heidegger
10.2%
This Dame, one of the most accomplished British pianists, was famous for her wartime lunch concerts during WWII.Myra Hess
5.4%

You're not logged in!

Compare scores with friends on all Sporcle quizzes.
OR
Log In

You Might Also Like...

Show Comments

Extras

Top Quizzes Today


Score Distribution

Your Account Isn't Verified!

In order to create a playlist on Sporcle, you need to verify the email address you used during registration. Go to your Sporcle Settings to finish the process.

Report this User

Report this user for behavior that violates our Community Guidelines.

Details: